日本ラグビー代表 ワールドカップ対戦国 - Statistics

General Stats
  • This quiz has been taken 142 times
  • The average score is 11 of 16
Answer Stats
Hint Opponent % Correct
1995 ニュージーランド
90%
2015 南アフリカ
89%
1987 オーストラリア
84%
1987 イングランド
77%
1987 アメリカ
76%
1999 サモア
76%
1991 スコットランド
74%
2003 フランス
73%
1991 アイルランド
70%
1999 アルゼンチン
66%
2011 トンガ
65%
2007 カナダ
62%
1995 ウェールズ
59%
2019 ロシア
58%
2003 フィジー
56%
1991 ジンバブエ
13%
No matching quizzes found
Score Distribution
Percent of People with Each Score
Percentile by Number Answered
Your Score History
You have not taken this quiz